Fr. Conceicao Rodrigues College of Engineering

PID Controller (Record no. 35645)

MARC details
000 -LEADER
fixed length control field 00276nam a2200145Ia 4500
082 ## - DEWEY DECIMAL CLASSIFICATION NUMBER
Classification number 629.895
Item number AST
100 ## - MAIN ENTRY--PERSONAL NAME
Personal name Astrom/K.J.
245 ## - TITLE STATEMENT
Title PID Controller
260 ## - PUBLICATION, DISTRIBUTION, ETC.
Name of publisher, distributor, etc. none
300 ## - PHYSICAL DESCRIPTION
Extent 323
546 ## - LANGUAGE NOTE
Language note ENGLISH
654 ## - SUBJECT ADDED ENTRY--FACETED TOPICAL TERMS
Focus term electronics
942 ## - ADDED ENTRY ELEMENTS (KOHA)
Koha item type BOOK
Holdings
Withdrawn status Lost status Damaged status Not for loan Collection Home library Current library Date acquired Total Checkouts Full call number Barcode Date last seen Price effective from Koha item type
        CRC Fr. Agnel's C.Rodrigues College of Engineering Fr. Agnel's C.Rodrigues College of Engineering 17/03/2023   629.895 AST 10857 17/03/2023 17/03/2023 BOOK